| 000 | 00793nam a2200253 a 4500 | ||
|---|---|---|---|
| 005 | 20170207160602.0 | ||
| 008 | 131219b xxu||||| |||| 00| 0 spa d | ||
| 040 |
_aCO-BoIAVH _cCO-BoIAVH |
||
| 041 | _aspa | ||
| 090 |
_aMM- _b00360 |
||
| 245 | 0 | 0 | _aBase de datos Mar Caribe del Sur. |
| 257 | _aColombia | ||
| 264 |
_bThe Natural Conservancy, _bInvemar; |
||
| 300 | _a1 CD-ROM | ||
| 650 |
_aRecursos marinos _979070 |
||
| 650 |
_aBases de Datos Bibliográficas _93445 |
||
| 650 |
_aEcorregiones _979071 |
||
| 650 |
_aBibliografías _979072 |
||
| 710 | 1 |
_aThe Nature Conservancy _979073 |
|
| 710 | 1 |
_aInstituto de Tecnología y Ciencias Marinas Intecmar _93448 |
|
| 710 | 1 |
_aInstituto de Investigaciones Marinas y Costeras - INVEMAR _93449 |
|
| 942 | 0 | 0 |
_2z _cCD-ROM |
| 945 | _d2009-07-10 | ||
| 999 |
_c7006 _d7006 |
||